Statistics for Guess the lyrics (#48)

Click here to take the quiz!

General Stats

  • This quiz has been taken 82 times
  • The average score is 239 of 487

Answer Stats

Answer% Correct
a
98%
A
98%
I
98%
You
95%
you
95%
to
93%
an
92%
be
92%
the
92%
The
92%
do
90%
me
90%
We
89%
we
89%
go
87%
It
85%
it
85%
when
85%
my
84%
of
84%
in
82%
is
82%
so
82%
And
80%
and
80%
for
80%
on
77%
Then
77%
They
77%
they
77%
were
77%
can
74%
that
74%
not
72%
your
72%
all
70%
are
70%
as
67%
could
67%
want
67%
there
66%
too
66%
get
64%
but
62%
But
62%
by
62%
never
62%
up
62%
ever
61%
had
61%
it's
61%
time
61%
was
61%
would
61%
know
59%
Can't
57%
just
57%
at
56%
did
56%
good
56%
life
56%
our
56%
out
56%
said
54%
with
54%
you're
54%
from
52%
From
52%
got
52%
Got
52%
how
52%
way
52%
back
51%
always
49%
I'll
49%
live
49%
or
49%
down
48%
their
48%
end
46%
Oh
46%
Oh,
46%
knew
44%
than
44%
here
41%
look
41%
more
41%
going
39%
place
39%
any
38%
best
38%
didn't
38%
about
36%
car
36%
Couldn't
36%
days
36%
new
36%
New
36%
old
36%
around
34%
lives
31%
Well
31%
We'll
31%
Yeah
31%
again
30%
much
30%
Things
30%
after
28%
same
28%
tell
28%
'cause
26%
very
26%
find
25%
nights
25%
still
25%
that's
25%
these
25%
those
25%
long
23%
high
21%
song
21%
boots,
20%
Everyone
20%
kind
20%
red
20%
told
20%
went
20%
white
20%
fine
18%
hot
18%
lost
18%
low
18%
rest
18%
tonight
18%
while
18%
blue
16%
heard
16%
big
15%
face
15%
friends
15%
job
15%
meet
15%
nice
15%
remember
15%
touch
15%
years
15%
lived
13%
near
13%
show
13%
summer
13%
top
13%
wife
13%
bottle
11%
count
11%
crazy
11%
looked
11%
roll
11%
tears
11%
water
11%
bed
10%
beer,
10%
Cold
10%
green
10%
Green?
10%
king
10%
money
10%
Nobody
10%
queen
10%
rock
10%
rosé
10%
street
10%
ago
8%
couple
8%
deep
8%
fight
8%
lights,
8%
play
8%
Riding
8%
saved
8%
started
8%
already
7%
drop
7%
hit
7%
jeans
7%
matter
7%
sweet
7%
apartment
5%
both
5%
bought
5%
closest
5%
decided
5%
familiar
5%
family
5%
goodbye
5%
Italian
5%
leather
5%
marriage'd
5%
ok
5%
pick
5%
radio
5%
restaurant
5%
survive
5%
table
5%
whatever
5%
'75
3%
afford
3%
appetite
3%
box
3%
bread
3%
Brenda
3%
carpets
3%
course
3%
depends
3%
dime
3%
Diner
3%
divorce
3%
Eddie
3%
Engineer
3%
finer
3%
greasers
3%
hanging
3%
instead
3%
jackets
3%
July
3%
lazy
3%
mood
3%
office
3%
Orleans
3%
paintings
3%
Parkway
3%
parted
3%
Perhaps
3%
pieces
3%
pile
3%
popular
3%
prom
3%
romantic
3%
Sears
3%
steadies
3%
steady
3%
style
3%
Surely
3%
teenage
3%
tight
3%
upon
3%
Village
3%
waving
3%
weight
3%

Score Distribution

Percentile by Number Answered

Percent of People with Each Score

Your Score History

You have not taken this quiz